000 00437nam a2200181Ia 4500
001 7421
005 20260306160454.0
008 260306t2010||||xx |||||||||||||| ||spa||
041 _aESP
082 _a338.985
_bC235
100 _aCentro Nacional de Planeamiento Estratégico
_eAUT
245 0 _aPlan Perú 2021
260 _c2010
300 _a208 páginas :
_c29 cm.
650 _aGEN
654 _aCAN
942 _cLIB
_dJUS
_fJUS
_2ddc
_n
999 _c7421
_d7421